MDQL
is popping MORE tags! Check the
thread
!
Quizzes
Events
Quiz Creation
Community
Videos
Private Events
Remove Ads
Sign In
Join for FREE
Feedback
Dark Mode
Quiz Categories
Sports
Geography
Music
Movies
Television
Just For Fun
Miscellaneous
History
Literature
Language
Science
Gaming
Entertainment
Religion
Holiday
For Kids
Quiz Lab
Recent
Popular Today
Quiz Kudos Today
Editor Picks
Curator Picks
Quizzes by...
Day
Popularity
Type
Ratings
Length
Year
Community
Subscriptions
Recent Discussions
Orange Saloon
Badges
Playlists
Quests
Create
Leaderboards
Showdown
Live 5
Trivia Bingo
Activity
Puzzle Library
Sporcle Events
Private Events
Virtual Trivia
Globe League
Become a Host
Pub Owners
SporcleCon
Opinionation
Our Games
Videos
Blog
Mobile Apps
Partnerships
Remove Ads and Go Orange
Feedback
Movies
Disney
Marvel Cinematic Universe
Movie Resume
Movie Titles
Oscar
Actor
Actress
Director
Pixar
Role
Movie Quotes
Movie Characters
Box Office
Nominee
Best Picture
Star Wars
James Bond
Horror Movies
Movies
Disney
Marvel Cinematic Universe
Movie Resume
Movie Titles
Oscar
Actor
Actress
Director
Pixar
Role
Movie Quotes
Movie Characters
Box Office
Nominee
Best Picture
Star Wars
James Bond
Horror Movies
Random Quiz
Search Sporcle
×
Quiz Lab
Quiz Lab
Movies
Disney
Type in answers that appear in a list
Type in answers that appear in a list
Classic
Best Score? Go Orange.
Disney Movies by Starring Animals Stats
Can you name the Disney movies by the animals that star in them?
By
supe95
4m
20 Questions
270 Plays
270 Plays
270 Plays
Comments
Comments
Give Quiz Kudos
Give Quiz Kudos
-
- Ratings
hide this ad
Forced Order
Answers have to be entered in order
Answers have to be entered in order
Replay
Link that replays current quiz
Next Quiz
Link to next quiz in quiz playlist
You Got
0%
They Got
Avg Score
71%
Avg Friend Score
Upgrade to see
Score Distribution
Jump to the score distribution portion of the page
Score
0/20
Timer
04:00
1
Play Today
Animals
Movie
% Correct
Deer, Rabbit, Skunk
Bambi
97.1%
Elephant, Mouse, Stork, Crow
Dumbo
94.1%
Cricket, Fox, Cat, Whale
Pinocchio
90.3%
Lion, Meerkat, Warthog, Hyena
The Lion King
89.2%
Bear, Panther, Tiger, Orangutan
The Jungle Book
88.8%
Crab, Blue Tang, Seagull, Eel, Dog
The Little Mermaid
86.2%
Dragon, Horse, Cricket
Mulan
83.6%
Monkey, Tiger, Parrot
Aladdin
82%
Ant, Grasshopper, Ladybug
A Bug's Life
81.6%
Mice, Cat, Bloodhound, Horse
Cinderella
80.3%
Animals
Movie
% Correct
Clownfish, Blue Tang, Sea Turtle
Finding Nemo
79.9%
Raccoon, Hummingbird, Pug
Pocahontas
78.7%
Bear, Moose
Brother Bear
77.3%
Gorilla, Elephant, Cheetah
Tarzan
76.2%
Bear, Pig, Tiger, Rabbit, Donkey
The Many Adventures of Winnie the Pooh
75.8%
Fox, Bear, Lion, Snake
Robin Hood
72.5%
Chameleon, Horse
Tangled
70.1%
Guinea Pig, Hamster, Mole
G-Force
46.8%
Lion, Wildebeest, Koala
The Wild
35.2%
Blackmouth Cur
Old Yeller
14.9%
Quiz Playlist
Details
Report
Send in Message
Add To Playlist
Classic:
Type in answers that appear in a list
Forced Order:
Answers have to be entered in order
Quiz Source
Last Updated: Feb 16, 2017
Quiz Scoreboard
CHALLENGE
Sign Up to Join the Scoreboard
Show All
Scores
Hide
Comments
May contain spoilers
Recently Published
1-10 Letter E Words III
by El_Dandy
Language
2m
Street Fighter Characters
by Artimus82
Gaming
60s
College Basketball Coaching Resumes
by pancakes188
Sports
9m
More to Explore
Quiz From the Vault
Featured Blog Post
Where Did the Easter Bunny Come From?
hide this ad
You Might Also Like...
Tags
Animal Quiz
Disney Quiz
star
Starring
Today's Top Quizzes in Movies
Browse Movies
hide this ad
Today's Top Quizzes in Disney
Browse Disney
Top Contributed Quizzes in Movies
1
Pick 5 Posters: Directed by Spielberg
2
7-to-1: Pixar Characters
3
Hidden Star Wars Character II
4
Hidden Star Wars Character III
5
Pick 5 Posters: Lowest-Rated Spielberg
6
Sorting Actresses
7
Sorting Actors
8
Hidden Star Wars Character IV
9
Hidden Star Wars Character V
10
Pick 5 Posters: Directed by Scorsese
Explore More
Trending Topics
Kpop
Anime
Harry Potter
Disney
Crossword
Marvel
NBA
Puzzle
The Office
Soccer
NFL
Song
WWE
Country
Pokémon
hide this ad
More By:
supe95
Quiz
Plays
Rating
Category
Featured
Created
Fictional Countries
2,306
4.14
Entertainment
Apr 30, 2013
Madonna Singles Minefield
2,050
4.20
Music
Aug 12, 2014
The Real Slim Shady (Clickable)
1,074
4.43
Music
May 5, 2014
Michael Jackson Singles Minefield
1,046
4.33
Music
Aug 11, 2014
Rolling Stone's 50 Best Albums of 2016
792
4.75
Music
Dec 2, 2016
Go to Creator's Profile
Score Distribution
Quiz Creator Spotlight
supe95
Follow
Send a Message
Quizzes Created
-
Created Quiz Play Count
-
More By This Creator
Popular Quizzes Today
1
Find the US States - No Outlines Minefield
2
Find the Countries of Europe - No Outlines Minefield
3
The Countries of the World
4
Find the US States
5
Risky Map Clicking: Biggest States A-Z
6
US States
7
Popular People in 1961
8
Movies - When Are They Set?
More Movies Quizzes
Pick the Avengers Endgame Character by Quote
Quiz Lab
Trending Quizzes
Risky Map Clicking: Least Populous States A-Z
USA Borders Longest to Shortest
1-10 Letter G Words
1-10 Letter F Words
Countries of the World: 200 Million BC
Recently Updated
Beyoncé Albums
pecheneg
Leaping Animals
pecheneg
Reality TV Shows (A-Z)
bhenderson79
Rickey Henderson's Hall of Fame Teammates
pecheneg
Champions League XIs: Arsenal
pecheneg
Quick Pick: Celebrities in WWE's Hall of Fame
aduchscher
A-Z Keypad Blitz II
pecheneg
Multiple Oscar Actors
pecheneg
Mystery Phrase Blitz: Oscar 'Best Actors'
pecheneg
F. Scott Fitzgerald Novels
LTH
Trending Topics
Crossword
Anime
Disney
Kpop
NBA
Harry Potter
Marvel
Puzzle
Pokémon
Soccer
The Office
WWE
Country
NFL
Song
Your Account Isn't Verified!
In order to create a playlist on Sporcle, you need to verify the email address you used during registration. Go to your
Sporcle Settings
to finish the process.
Report this User
Report this user for behavior that violates our
Community Guidelines
.
Details:
Send Report
Go to the Sporcle.com Mobile Site →
Comments